[Event "Barcelona IM1 06"]
[Site "Barcelona"]
[Date "2025.06.28"]
[Round "5"]
[White "Masague Artero, Guerau"]
[Black "Cruz Estrada, Filemon"]
[Result "1/2-1/2"]
[WhiteElo "2326"]
[BlackElo "2241"]
[PlyCount "26"]
[EventDate "2025.06.25"]
[EventType "tourn"]
[EventRounds "9"]
[EventCountry "ESP"]
[SourceTitle "CB28_2025"]
[SourceDate "2025.07.09"]
[SourceVersion "1"]
[SourceVersionDate "2025.07.09"]
[SourceQuality "1"]

1. d4 d5 2. c4 c6 3. Nf3 Nf6 4. g3 g6 5. Bg2 Bg7 6. 0-0 0-0 7. Nc3 dxc4 8. e4 b5 9. Re1 a5 10. Bg5 h6 11. Bf4 Bb7 12. h4 Na6 13. a3 Qb6 1/2-1/2

[Event "Barcelona IM1 06"]
[Site "Barcelona"]
[Date "2025.06.28"]
[Round "6"]
[White "Masague Artero, Guerau"]
[Black "Serrano Batova, Vicent"]
[Result "1/2-1/2"]
[WhiteElo "2326"]
[BlackElo "2216"]
[PlyCount "87"]
[EventDate "2025.06.25"]
[EventType "tourn"]
[EventRounds "9"]
[EventCountry "ESP"]
[SourceTitle "CB28_2025"]
[SourceDate "2025.07.09"]
[SourceVersion "1"]
[SourceVersionDate "2025.07.09"]
[SourceQuality "1"]

1. d4 Nf6 2. Nf3 d5 3. c4 c6 4. e3 g6 5. Nc3 Bg7 6. Bd3 0-0 7. 0-0 Bg4 8. h3 Bxf3 9. Qxf3 e6 10. Rd1 a6 11. b3 Nbd7 12. Bb2 Qe7 13. Rac1 Rfe8 14. Bf1 b5 15. Qe2 Nb6 16. Qc2 b4 17. Na4 Nxa4 18. bxa4 a5 19. Bd3 Reb8 20. cxd5 cxd5 21. Qc5 Qxc5 22. Rxc5 Bf8 23. Rc6 Rc8 24. Rdc1 Rxc6 25. Rxc6 Ne8 26. e4 Nd6 27. e5 Nf5 28. Kf1 Ra7 29. Ke2 Be7 30. g4 Nh6 31. f4 Kg7 32. Bc1 Bd8 33. f5 Ng8 34. f6+ Nxf6 35. exf6+ Bxf6 36. Be3 h6 37. Bb5 g5 38. Rc8 Be7 39. Rc6 Bd8 40. Bd2 Rc7 41. Rd6 Be7 42. Ra6 Rc2 43. Rxa5 b3 44. axb3 1/2-1/2

[Event "Barcelona IM1 06"]
[Site "Barcelona"]
[Date "2025.06.26"]
[Round "2"]
[White "Villa Tornero, Alex"]
[Black "Masague Artero, Guerau"]
[Result "1-0"]
[WhiteElo "2211"]
[BlackElo "2326"]
[PlyCount "59"]
[EventDate "2025.06.25"]
[EventType "tourn"]
[EventRounds "9"]
[EventCountry "ESP"]
[SourceTitle "CB28_2025"]
[SourceDate "2025.07.09"]
[SourceVersion "1"]
[SourceVersionDate "2025.07.09"]
[SourceQuality "1"]

1. e4 e5 2. Nf3 Nc6 3. Bb5 a6 4. Ba4 Nf6 5. 0-0 d6 6. Re1 Bd7 7. c3 g6 8. h3 Bg7 9. d4 0-0 10. Nbd2 exd4 11. cxd4 Nb4 12. Bxd7 Qxd7 13. Qb3 a5 14. a3 Nc6 15. e5 a4 16. Qa2 dxe5 17. dxe5 Nd5 18. Ne4 Ra5 19. Bd2 Rb5 20. Qc4 Na5 21. Qxa4 Nb3 22. Rad1 Qc6 23. Nc3 Nxc3 24. Bxc3 Re8 25. Re3 Bh6 26. Qh4 Bxe3 27. fxe3 Qb6 28. Ng5 h5 29. Qf4 Rf8 30. Rd8 1-0

[Event "Titled Tuesday intern op 01st Apr Early"]
[Site "Chess.com INT"]
[Date "2025.04.01"]
[Round "2"]
[White "Iniyan, Panneerseluam"]
[Black "Masague Artero, Guerau"]
[Result "1-0"]
[WhiteElo "2567"]
[BlackElo "2343"]
[PlyCount "61"]
[EventDate "2025.04.01"]
[EventType "swiss (blitz)"]
[EventRounds "11"]
[EventCountry "USA"]
[SourceTitle "CB15_2025"]
[SourceDate "2025.04.09"]
[SourceVersion "1"]
[SourceVersionDate "2025.04.09"]
[SourceQuality "1"]

1. Nf3 d5 2. g3 Nc6 3. Bg2 e5 4. d3 f6 5. 0-0 Be6 6. c3 Qd7 7. Re1 Bh3 8. Bh1 h5 9. e4 d4 10. cxd4 exd4 11. a3 0-0-0 12. b4 Ne5 13. Bb2 Bg4 14. Nxe5 fxe5 15. f3 Be6 16. f4 Nf6 17. Nd2 Ng4 18. Nf3 Bd6 19. fxe5 Nxe5 20. Nxd4 Bg4 21. Qd2 h4 22. Rac1 hxg3 23. hxg3 Qf7 24. Qg5 Rxh1+ 25. Kxh1 Rh8+ 26. Kg2 Bh3+ 27. Kg1 Nf3+ 28. Nxf3 Qxf3 29. Rc2 Bxg3 30. Be5 Bh2+ 31. Rxh2 1-0

[Event "Titled Tuesday intern op 01st Apr Early"]
[Site "Chess.com INT"]
[Date "2025.04.01"]
[Round "8"]
[White "Masague Artero, Guerau"]
[Black "Levitan, Caleb Levi"]
[Result "1/2-1/2"]
[WhiteElo "2343"]
[BlackElo "2327"]
[PlyCount "85"]
[EventDate "2025.04.01"]
[EventType "swiss (blitz)"]
[EventRounds "11"]
[EventCountry "USA"]
[SourceTitle "CB15_2025"]
[SourceDate "2025.04.09"]
[SourceVersion "1"]
[SourceVersionDate "2025.04.09"]
[SourceQuality "1"]

1. e4 e5 2. Nc3 Nf6 3. Bc4 Nxe4 4. Qh5 Nd6 5. Qxe5+ Qe7 6. Qxe7+ Bxe7 7. Bb3 c6 8. Nf3 Nf5 9. Ne2 d5 10. Ng3 0-0 11. 0-0 Bf6 12. c4 dxc4 13. Bxc4 Nd4 14. Nxd4 Bxd4 15. Ne2 Bf6 16. d4 Nd7 17. Be3 Nb6 18. Bb3 Re8 19. Nc3 Be6 20. Rfd1 Rad8 21. h3 g6 22. Ne4 Be7 23. Nc5 Bxc5 24. dxc5 Nd5 25. Bg5 Rd7 26. Rd4 f6 27. Bxd5 Rxd5 28. Rxd5 Bxd5 29. Bxf6 Re2 30. Bc3 Re4 31. f3 Re2 32. Rd1 Kf7 33. Kh2 Bxf3 34. Rd2 Rxd2 35. Bxd2 Bd5 36. a3 Ke6 37. Kg3 Ke5 38. Bc3+ Ke4 39. Kg4 h6 40. Bg7 Be6+ 41. Kg3 h5 42. Kh4 Kf5 43. Bc3 1/2-1/2

[Event "Titled Tuesday intern op 25th Mar Early"]
[Site "Chess.com INT"]
[Date "2025.03.25"]
[Round "4"]
[White "Masague Artero, Guerau"]
[Black "Pereira, Fabian1"]
[Result "1-0"]
[WhiteElo "2343"]
[BlackElo "2114"]
[PlyCount "73"]
[EventDate "2025.03.25"]
[EventType "swiss (blitz)"]
[EventRounds "11"]
[EventCountry "USA"]
[SourceTitle "CB14_2025"]
[SourceDate "2024.11.01"]
[SourceVersion "1"]
[SourceVersionDate "2024.11.01"]
[SourceQuality "1"]

1. e4 c5 2. g3 Nc6 3. Bg2 g6 4. Ne2 Bg7 5. 0-0 e6 6. Nbc3 Nge7 7. d3 0-0 8. Be3 Nd4 9. Qd2 d5 10. Bh6 Nxe2+ 11. Nxe2 dxe4 12. Bxg7 Kxg7 13. Qc3+ Kg8 14. dxe4 Qc7 15. h4 b6 16. Qf6 Ba6 17. h5 h6 18. Rfe1 Kh7 19. Nc3 Rad8 20. Rad1 gxh5 21. Bf3 Ng6 22. Bxh5 Ne5 23. a4 Rd4 24. Qf4 Qb8 25. Nb5 Bxb5 26. axb5 Rfd8 27. Rxd4 Rxd4 28. Bxf7 Qd6 29. Kg2 Rd2 30. Bxe6 Rxc2 31. Bf5+ Kg7 32. Rd1 Qe7 33. Rd5 Nf7 34. Rd7 Qf6 35. e5 Qg5 36. Bxc2 Qxf4 37. gxf4 1-0

[Event "Titled Tuesday intern op 25th Mar Early"]
[Site "Chess.com INT"]
[Date "2025.03.25"]
[Round "9"]
[White "Masague Artero, Guerau"]
[Black "Przybylski, Wojciech"]
[Result "0-1"]
[WhiteElo "2343"]
[BlackElo "2335"]
[PlyCount "94"]
[EventDate "2025.03.25"]
[EventType "swiss (blitz)"]
[EventRounds "11"]
[EventCountry "USA"]
[SourceTitle "CB14_2025"]
[SourceDate "2024.11.01"]
[SourceVersion "1"]
[SourceVersionDate "2024.11.01"]
[SourceQuality "1"]

1. b3 Nf6 2. Bb2 c5 3. Nf3 Nc6 4. e3 e6 5. d4 b6 6. Nbd2 Bb7 7. Bd3 Be7 8. 0-0 0-0 9. a3 d6 10. Qe2 Re8 11. Rfd1 Qc7 12. Ba6 Rad8 13. Bxb7 Qxb7 14. Rac1 d5 15. dxc5 Bxc5 16. Bxf6 gxf6 17. b4 Bf8 18. c4 Ne7 19. Nd4 dxc4 20. Nxc4 Ng6 21. b5 Rd5 22. a4 Bc5 23. Nc6 f5 24. Rxd5 exd5 25. N4a5 Qd7 26. Qf3 f4 27. exf4 Qf5 28. g3 d4 29. Nb3 d3 30. Rd1 Qh3 31. Nxc5 Nh4 32. Qd5 d2 33. Ne5 Rxe5 34. fxe5 Qg4 35. Qd8+ Kg7 36. Qf6+ Kg8 37. Qd8+ Kg7 38. Rxd2 Nf3+ 39. Kg2 Nxe5 40. Qd4 Qf3+ 41. Kh3 Qf5+ 42. g4 Qf3+ 43. Kh4 f6 44. Ne6+ Kg6 45. Nf8+ Kg7 46. Nd7 Ng6+ 47. Kh5 Qh3# 0-1

[Event "Titled Tuesday intern op 25th Mar Early"]
[Site "Chess.com INT"]
[Date "2025.03.25"]
[Round "10"]
[White "Thorhallsson, Simon"]
[Black "Masague Artero, Guerau"]
[Result "1-0"]
[WhiteElo "2232"]
[BlackElo "2343"]
[PlyCount "81"]
[EventDate "2025.03.25"]
[EventType "swiss (blitz)"]
[EventRounds "11"]
[EventCountry "USA"]
[SourceTitle "CB14_2025"]
[SourceDate "2024.11.01"]
[SourceVersion "1"]
[SourceVersionDate "2024.11.01"]
[SourceQuality "1"]

1. d4 Nf6 2. c4 e6 3. g3 Bb4+ 4. Bd2 a5 5. Bg2 d5 6. Qc2 0-0 7. Nf3 c5 8. 0-0 cxd4 9. Nxd4 e5 10. Nb5 d4 11. Bg5 Nc6 12. a3 Be7 13. Nd2 h6 14. Bxf6 Bxf6 15. Rfd1 Be7 16. c5 Be6 17. Ne4 a4 18. Rdc1 Na5 19. Re1 Qd7 20. Nbd6 Nb3 21. Rab1 f5 22. Nd2 Nxc5 23. N6c4 e4 24. Nb6 Qb5 25. Nxa8 Rxa8 26. Bf1 Rc8 27. Qd1 Ba2 28. Rc1 Qxb2 29. Nc4 Bxc4 30. Rxc4 Rd8 31. Rb4 Qxa3 32. Rxd4 Rb8 33. e3 Bf6 34. Rd5 b5 35. Rxf5 Qc3 36. Qd5+ Kh8 37. Rd1 Nb3 38. Qf7 a3 39. Rd6 Be5 40. Re6 Nd2 41. Re8+ 1-0

[Event "Titled Tuesday intern op 11th Mar Late"]
[Site "Chess.com INT"]
[Date "2025.03.11"]
[Round "5"]
[White "Gutierrez Olivares, Daniel"]
[Black "Masague Artero, Guerau"]
[Result "0-1"]
[WhiteElo "2354"]
[BlackElo "2343"]
[PlyCount "60"]
[EventDate "2025.03.11"]
[EventType "swiss (blitz)"]
[EventRounds "11"]
[EventCountry "USA"]
[SourceTitle "CB12_2025"]
[SourceDate "2025.03.19"]
[SourceVersion "1"]
[SourceVersionDate "2025.03.19"]
[SourceQuality "1"]

1. Nf3 d5 2. g3 Nd7 3. c4 dxc4 4. Qa4 a6 5. Qxc4 b5 6. Qc2 Bb7 7. Bg2 e6 8. 0-0 Ngf6 9. b3 Be7 10. Bb2 0-0 11. d3 c5 12. Nbd2 Rc8 13. Rad1 Qb6 14. e4 Rfd8 15. Ne1 Nb8 16. Kh1 Nc6 17. h3 Nd4 18. Qb1 e5 19. Nc2 h5 20. Ne3 h4 21. Bxd4 cxd4 22. Nf5 Ba3 23. Nxh4 Rc3 24. Nf5 g6 25. Nh4 Rdc8 26. Nhf3 Qd6 27. Ng1 Rc2 28. f4 Nh5 29. Ne2 Rb2 30. Qa1 Rcc2 0-1

[Event "Titled Tuesday intern op 11th Mar Late"]
[Site "Chess.com INT"]
[Date "2025.03.11"]
[Round "9"]
[White "Kopczynski, Michal"]
[Black "Masague Artero, Guerau"]
[Result "0-1"]
[WhiteElo "2225"]
[BlackElo "2343"]
[PlyCount "100"]
[EventDate "2025.03.11"]
[EventType "swiss (blitz)"]
[EventRounds "11"]
[EventCountry "USA"]
[SourceTitle "CB12_2025"]
[SourceDate "2025.03.19"]
[SourceVersion "1"]
[SourceVersionDate "2025.03.19"]
[SourceQuality "1"]

1. e4 Nf6 2. Nc3 e5 3. Nf3 Nc6 4. Bb5 Bb4 5. d3 d6 6. 0-0 Bxc3 7. bxc3 0-0 8. h3 Ne7 9. Bg5 Ng6 10. Nh2 h6 11. Be3 d5 12. exd5 Nxd5 13. Bc5 Ndf4 14. Bxf8 Qg5 15. Ng4 Kxf8 16. Kh2 Nxg2 17. Kxg2 h5 18. f3 Nf4+ 19. Kg3 Nd5 20. Qe1 Qf4+ 21. Kg2 hxg4 22. fxg4 Ne3+ 23. Kg1 Nxf1 24. Qxf1 Be6 25. Qxf4 exf4 26. c4 g5 27. Kf2 Kg7 28. Re1 Rh8 29. Kg2 Rd8 30. Ba4 Rd6 31. Kf3 Kf6 32. h4 gxh4 33. Kxf4 Rd8 34. Rh1 Rh8 35. g5+ Kg6 36. c3 h3 37. Bc2 Rh4+ 38. Kg3 Kxg5 39. d4 Rg4+ 40. Kf3 Rg2 41. Bd3 Kh4 42. d5 Rg3+ 43. Ke4 Bg4 44. c5 Bf3+ 45. Kd4 Bxh1 46. d6 cxd6 47. cxd6 Bc6 48. Be4 Bxe4 49. Kxe4 Rg8 50. d7 h2 0-1

[Event "Titled Tuesday intern op 11th Mar Late"]
[Site "Chess.com INT"]
[Date "2025.03.11"]
[Round "10"]
[White "Masague Artero, Guerau"]
[Black "Negrean, Andrei"]
[Result "1-0"]
[WhiteElo "2343"]
[BlackElo "2280"]
[PlyCount "97"]
[EventDate "2025.03.11"]
[EventType "swiss (blitz)"]
[EventRounds "11"]
[EventCountry "USA"]
[SourceTitle "CB12_2025"]
[SourceDate "2025.03.19"]
[SourceVersion "1"]
[SourceVersionDate "2025.03.19"]
[SourceQuality "1"]

1. e4 Nc6 2. Nc3 Nf6 3. Nf3 e5 4. Bb5 Nd4 5. Bc4 Bc5 6. Nxe5 d5 7. Nxd5 0-0 8. 0-0 Nxe4 9. c3 Nc6 10. d4 Be6 11. Nf4 Bxc4 12. Nxc4 Bd6 13. Qd3 Re8 14. Be3 Qg5 15. Ne6 Bxh2+ 16. Kxh2 Qh5+ 17. Kg1 Rxe6 18. Rfe1 Rae8 19. d5 Rg6 20. dxc6 Qf3 21. Qf1 bxc6 22. Nd2 Qf5 23. Nxe4 Rxe4 24. Bd4 h5 25. Rxe4 Qxe4 26. Re1 Qd5 27. b3 c5 28. Re5 Qc6 29. Rxc5 Qe4 30. f3 Qh4 31. Qf2 Qe7 32. Rxh5 Re6 33. Qh4 Re1+ 34. Kh2 Qd6+ 35. Be5 Rh1+ 36. Kxh1 Qd1+ 37. Kh2 f6 38. Rh8+ Kf7 39. Qh5+ Ke6 40. Re8+ Kd5 41. Rd8+ Kc6 42. Rxd1 a5 43. Qg6 a4 44. bxa4 Kb6 45. Qxg7 f5 46. Qf6+ c6 47. Qxf5 Kc5 48. Bd4+ Kc4 49. Qc5# 1-0

[Event "Titled Tuesday intern op 11th Mar Late"]
[Site "Chess.com INT"]
[Date "2025.03.11"]
[Round "11"]
[White "Masague Artero, Guerau"]
[Black "Rustamov, Rustam"]
[Result "0-1"]
[WhiteElo "2343"]
[BlackElo "2301"]
[PlyCount "40"]
[EventDate "2025.03.11"]
[EventType "swiss (blitz)"]
[EventRounds "11"]
[EventCountry "USA"]
[SourceTitle "CB12_2025"]
[SourceDate "2025.03.19"]
[SourceVersion "1"]
[SourceVersionDate "2025.03.19"]
[SourceQuality "1"]

1. e4 c5 2. Nc3 e6 3. g3 d5 4. d3 dxe4 5. Nxe4 Be7 6. Bg2 Nf6 7. Nxf6+ Bxf6 8. Nf3 0-0 9. 0-0 Nc6 10. Re1 e5 11. Nd2 Be6 12. Bxc6 bxc6 13. Qe2 Qb6 14. Kg2 Rad8 15. f3 Rfe8 16. a4 a5 17. Ra3 Be7 18. Qxe5 c4 19. Nxc4 Bxc4 20. dxc4 Bxa3 0-1

[Event "Titled Tuesday intern op 04th Mar Early"]
[Site "Chess.com INT"]
[Date "2025.03.04"]
[Round "3"]
[White "Jake, Shanty"]
[Black "Masague Artero, Guerau"]
[Result "1-0"]
[WhiteElo "2336"]
[BlackElo "2343"]
[PlyCount "117"]
[EventDate "2025.03.04"]
[EventType "swiss (blitz)"]
[EventRounds "11"]
[EventCountry "USA"]
[SourceTitle "CB11_2025"]
[SourceDate "2025.03.12"]
[SourceVersion "1"]
[SourceVersionDate "2025.03.12"]
[SourceQuality "1"]

1. e4 c5 2. Nc3 Nc6 3. Nge2 g6 4. g3 Bg7 5. Bg2 d6 6. 0-0 Rb8 7. a4 e6 8. d3 Nge7 9. Be3 0-0 10. d4 b6 11. Qd2 Ba6 12. Rfd1 Qc8 13. Nb5 Rd8 14. c3 Bxb5 15. axb5 Na5 16. Qd3 c4 17. Qc2 Qd7 18. Qa4 Ra8 19. Nc1 d5 20. e5 Rdc8 21. b4 cxb3 22. Nxb3 Nc4 23. Bc1 Nf5 24. Bf1 Rc7 25. Nd2 Nxd2 26. Bxd2 Bf8 27. Qb3 Rac8 28. Ra4 Be7 29. Rda1 Rb8 30. Bd3 Kg7 31. Qa2 Rbb7 32. Kg2 h5 33. h3 Kg8 34. g4 Nh4+ 35. Kg3 Qd8 36. f4 hxg4 37. hxg4 Qc8 38. Qb3 g5 39. fxg5 Ng6 40. Bxg6 fxg6 41. Qc2 Kg7 42. Qd3 Qe8 43. Rh1 Rc8 44. Rh6 Qf7 45. Ra1 Rh8 46. Rah1 Rxh6 47. gxh6+ Kh7 48. Rf1 Qg8 49. g5 Rc7 50. Qf3 Bd8 51. Qf8 Qxf8 52. Rxf8 Rd7 53. Kg4 Be7 54. Rf7+ Kg8 55. Rg7+ Kh8 56. Rxg6 Bf8 57. Rf6 Be7 58. Rf7 Kg8 59. g6 1-0

[Event "Titled Tuesday intern op 04th Mar Early"]
[Site "Chess.com INT"]
[Date "2025.03.04"]
[Round "4"]
[White "Masague Artero, Guerau"]
[Black "Kuzmin, Roman"]
[Result "1-0"]
[WhiteElo "2343"]
[BlackElo "2196"]
[PlyCount "51"]
[EventDate "2025.03.04"]
[EventType "swiss (blitz)"]
[EventRounds "11"]
[EventCountry "USA"]
[SourceTitle "CB11_2025"]
[SourceDate "2025.03.12"]
[SourceVersion "1"]
[SourceVersionDate "2025.03.12"]
[SourceQuality "1"]

1. e4 c5 2. Nc3 d6 3. f4 g6 4. Nf3 Bg7 5. Bc4 Nc6 6. d3 e6 7. 0-0 Nf6 8. Qe1 0-0 9. Qh4 Nd7 10. Qg3 Na5 11. f5 Nxc4 12. dxc4 Ne5 13. Nxe5 Bxe5 14. Bf4 exf5 15. Bxe5 dxe5 16. exf5 Qd4+ 17. Kh1 Qxc4 18. Rad1 Kh8 19. fxg6 hxg6 20. Qxe5+ Kg8 21. Nd5 Rd8 22. Nf6+ Kg7 23. Ne8+ Kh6 24. Qh8+ Kg5 25. Qf6+ Kh6 26. Qxd8 1-0

[Event "Titled Tuesday intern op 04th Mar Early"]
[Site "Chess.com INT"]
[Date "2025.03.04"]
[Round "5"]
[White "Masague Artero, Guerau"]
[Black "Slaby, Jerzy"]
[Result "0-1"]
[WhiteElo "2343"]
[BlackElo "2464"]
[PlyCount "108"]
[EventDate "2025.03.04"]
[EventType "swiss (blitz)"]
[EventRounds "11"]
[EventCountry "USA"]
[SourceTitle "CB11_2025"]
[SourceDate "2025.03.12"]
[SourceVersion "1"]
[SourceVersionDate "2025.03.12"]
[SourceQuality "1"]

1. e4 c6 2. d4 d5 3. exd5 cxd5 4. Bd3 Nf6 5. c3 Nc6 6. Bf4 g6 7. Nf3 Bf5 8. Bb5 Bg7 9. Nbd2 0-0 10. 0-0 Rc8 11. Re1 a6 12. Bf1 Bg4 13. a4 e6 14. Qb3 Na5 15. Qb4 Re8 16. Qa3 Bxf3 17. Nxf3 Nc4 18. Qb3 Qb6 19. Qxb6 Nxb6 20. Ne5 Nfd7 21. Nd3 Bf8 22. h4 Nc4 23. h5 Bd6 24. Bg5 Kg7 25. a5 h6 26. Bc1 Bb8 27. hxg6 Kxg6 28. b3 Nd6 29. Nf4+ Kg7 30. Bd2 Ne4 31. Nh5+ Kg6 32. Nf4+ Kg7 33. Nh5+ Kg8 34. Bxh6 Rxc3 35. Re3 Rec8 36. f3 Nef6 37. Nxf6+ Nxf6 38. Rae1 Kh7 39. Bg5 Kg6 40. Rxc3 Rxc3 41. Re3 Rc6 42. Bh4 Bf4 43. Rd3 Rc1 44. Kf2 Rc2+ 45. Kg1 Nh5 46. Rd1 Rb2 47. g4 Ng3 48. Bd3+ Kg7 49. Bxg3 Bxg3 50. Bf1 Kh6 51. Rd3 Kg5 52. Kh1 Kh4 53. Kg1 Bf2+ 54. Kh1 Kg3 0-1

[Event "Titled Tuesday intern op 11th Feb Early"]
[Site "Chess.com INT"]
[Date "2025.02.11"]
[Round "10"]
[White "Masague Artero, Guerau"]
[Black "Marchesich, Giovanni"]
[Result "1-0"]
[WhiteElo "2349"]
[BlackElo "2212"]
[PlyCount "81"]
[EventDate "2025.02.11"]
[EventType "swiss (blitz)"]
[EventRounds "11"]
[EventCountry "USA"]
[SourceTitle "CB08_2025"]
[SourceDate "2025.02.19"]
[SourceVersion "1"]
[SourceVersionDate "2025.02.19"]
[SourceQuality "1"]

1. e4 d5 2. exd5 Qxd5 3. Nc3 Qd8 4. d4 Bf5 5. Bc4 e6 6. Nf3 c6 7. Ne5 Nd7 8. Bf4 Nxe5 9. Bxe5 Nf6 10. 0-0 Bd6 11. Re1 0-0 12. Bg3 Bxg3 13. hxg3 Qd6 14. Ne2 Rfd8 15. c3 c5 16. Qb3 Rab8 17. Rad1 b5 18. Bxb5 c4 19. Qa4 Bd3 20. Nf4 Bc2 21. Qxc2 Rxb5 22. b3 Rc8 23. b4 a5 24. a4 Rb7 25. b5 Nd7 26. Re3 Nb6 27. Ra1 g6 28. Re5 Nd7 29. Re3 Nb6 30. Qe2 Re8 31. Qf3 Rbe7 32. g4 e5 33. dxe5 Rxe5 34. Rxe5 Qxe5 35. Qc6 Qxc3 36. Qxe8+ Kg7 37. Re1 Nxa4 38. Qe5+ Qxe5 39. Rxe5 c3 40. Re2 Nc5 41. Nd5 1-0

[Event "Titled Tuesday intern op 11th Feb Early"]
[Site "Chess.com INT"]
[Date "2025.02.11"]
[Round "2"]
[White "Masague Artero, Guerau"]
[Black "Montano Vicente, Guadalupe"]
[Result "1-0"]
[WhiteElo "2349"]
[BlackElo "1969"]
[PlyCount "65"]
[EventDate "2025.02.11"]
[EventType "swiss (blitz)"]
[EventRounds "11"]
[EventCountry "USA"]
[SourceTitle "CB08_2025"]
[SourceDate "2025.02.19"]
[SourceVersion "1"]
[SourceVersionDate "2025.02.19"]
[SourceQuality "1"]

1. b3 Nf6 2. Bb2 g6 3. Nf3 Bg7 4. d4 d6 5. e3 c6 6. c4 0-0 7. Nc3 Nbd7 8. Be2 Re8 9. 0-0 e5 10. dxe5 Nxe5 11. Nd4 Bg4 12. h3 Bxe2 13. Ndxe2 d5 14. cxd5 Nxd5 15. Nxd5 Qxd5 16. Qxd5 cxd5 17. Rfd1 Rad8 18. Rac1 Nf3+ 19. gxf3 Bxb2 20. Rc7 Rc8 21. Rxb7 Rc2 22. Kf1 d4 23. Nxd4 Bxd4 24. Rxd4 Rxa2 25. Ra4 Rc2 26. Raxa7 Rd8 27. Rxf7 Rd1+ 28. Kg2 Rdd2 29. Rxh7 Rxf2+ 30. Kg3 Rg2+ 31. Kf4 Rcf2 32. h4 Rb2 33. Rhb7 1-0

[Event "Titled Tuesday intern op 11th Feb Early"]
[Site "Chess.com INT"]
[Date "2025.02.11"]
[Round "5"]
[White "Masague Artero, Guerau"]
[Black "Sargissyan, Sargis"]
[Result "1/2-1/2"]
[WhiteElo "2349"]
[BlackElo "2267"]
[PlyCount "103"]
[EventDate "2025.02.11"]
[EventType "swiss (blitz)"]
[EventRounds "11"]
[EventCountry "USA"]
[SourceTitle "CB08_2025"]
[SourceDate "2025.02.19"]
[SourceVersion "1"]
[SourceVersionDate "2025.02.19"]
[SourceQuality "1"]

1. b3 Nf6 2. Bb2 a5 3. c4 g6 4. Nc3 Bg7 5. Nf3 0-0 6. d4 d6 7. e3 Nbd7 8. Be2 e5 9. 0-0 e4 10. Nd2 Re8 11. Qc2 Qe7 12. Rfc1 c6 13. Qd1 Nf8 14. a3 h5 15. b4 h4 16. h3 N8h7 17. Na4 Bf5 18. Nb6 Ra7 19. Bc3 Ng5 20. Bf1 axb4 21. axb4 Rxa1 22. Rxa1 Qd8 23. c5 d5 24. Ra7 Qe7 25. b5 Qe6 26. Kh2 Rb8 27. Qa4 Nd7 28. Ra8 Kh7 29. Nxd7 Rxa8 30. Qxa8 Qxd7 31. b6 Bf6 32. Qb8 Qc8 33. Qc7 Kg7 34. Nb3 Bd8 35. Qd6 Qd7 36. Na5 Qxd6+ 37. cxd6 Bc8 38. Nb3 Bxb6 39. Nc5 Bxc5 40. dxc5+ Kf8 41. Bb4 Ne6 42. Be2 Ke8 43. g3 hxg3+ 44. Kxg3 f5 45. h4 Bd7 46. Bd1 Kf7 47. Bb3 Ke8 48. Ba2 Kf7 49. Bb3 Ke8 50. Ba2 Kf7 51. Bb1 Ke8 52. Ba2 1/2-1/2

[Event "Titled Tuesday intern op 11th Feb Early"]
[Site "Chess.com INT"]
[Date "2025.02.11"]
[Round "9"]
[White "Novikov, Evgenij"]
[Black "Masague Artero, Guerau"]
[Result "1-0"]
[WhiteElo "2276"]
[BlackElo "2349"]
[PlyCount "65"]
[EventDate "2025.02.11"]
[EventType "swiss (blitz)"]
[EventRounds "11"]
[EventCountry "USA"]
[SourceTitle "CB08_2025"]
[SourceDate "2025.02.19"]
[SourceVersion "1"]
[SourceVersionDate "2025.02.19"]
[SourceQuality "1"]

1. e4 e5 2. f4 exf4 3. Nf3 d6 4. Bc4 h6 5. 0-0 g5 6. d4 Bg7 7. g3 g4 8. Bxf4 gxf3 9. Qxf3 Qd7 10. Be3 f6 11. Qh5+ Kd8 12. Nc3 Ne7 13. Qf7 Nec6 14. Rxf6 Qxf7 15. Rxf7 Bxd4 16. Bxd4 Nxd4 17. Raf1 Be6 18. Bxe6 Nxe6 19. Nd5 Nd7 20. Re7 Re8 21. Rh7 Ng5 22. Rxh6 c6 23. Nf4 Kc7 24. Rd1 Nxe4 25. Ne6+ Kb6 26. Nd4 d5 27. Nb3 Ne5 28. Rxd5 Rad8 29. Rxd8 Rxd8 30. Kg2 Ng4 31. Re6 Rd2+ 32. Nxd2 Nxd2 33. h3 1-0

[Event "Titled Tuesday intern op 11th Feb Early"]
[Site "Chess.com INT"]
[Date "2025.02.11"]
[Round "6"]
[White "Sauvageot Ledezma, Diego"]
[Black "Masague Artero, Guerau"]
[Result "0-1"]
[WhiteElo "2168"]
[BlackElo "2349"]
[PlyCount "162"]
[EventDate "2025.02.11"]
[EventType "swiss (blitz)"]
[EventRounds "11"]
[EventCountry "USA"]
[SourceTitle "CB09_2025"]
[SourceDate "2025.02.27"]
[SourceVersion "1"]
[SourceVersionDate "2025.02.27"]
[SourceQuality "1"]

1. d4 Nf6 2. Nf3 d5 3. g3 c5 4. Bg2 cxd4 5. 0-0 h6 6. Qxd4 Nc6 7. Qd1 e5 8. b3 Bd6 9. Bb2 0-0 10. a3 e4 11. Nd4 e3 12. fxe3 Ng4 13. Qd3 Nxh2 14. Kxh2 Qh4+ 15. Kg1 Qxg3 16. Rf3 Qh2+ 17. Kf1 Ne5 18. Qb5 Nxf3 19. Nxf3 Qg3 20. Nc3 Bh3 21. Bxh3 Qxh3+ 22. Ke1 Rac8 23. Kd2 b6 24. Rg1 Rfd8 25. Kc1 Bf8 26. Qd3 Qh5 27. Nb5 a6 28. Nbd4 g6 29. Qxa6 Re8 30. Qd3 Bg7 31. Kb1 Re7 32. a4 Rec7 33. Rc1 Kh7 34. Nb5 Rd7 35. Bxg7 Kxg7 36. Qd4+ Kh7 37. Ne5 Re7 38. Nf3 Rc6 39. Qd3 Rce6 40. Nbd4 Rxe3 41. Qb5 R3e4 42. Qxb6 Qh3 43. a5 Qd7 44. a6 g5 45. Nc6 R7e6 46. Nfd4 Rxd4 47. Qxd4 Rxc6 48. a7 Ra6 49. Kb2 Rxa7 50. Ra1 Rxa1 51. Kxa1 Kg6 52. Qd3+ f5 53. Kb1 h5 54. Qd4 h4 55. Qh8 Qg7 56. Qe8+ Kh6 57. Qe6+ Qg6 58. Qxd5 g4 59. Qa8 h3 60. Qh8+ Kg5 61. Qd4 h2 62. Qe3+ f4 63. Qc1 g3 64. Qh1 Qe6 65. Qg2 Qe3 66. Kb2 Qe5+ 67. Kb1 Kf5 68. Kc1 Qa1+ 69. Kd2 Qd4+ 70. Kc1 Qe4 71. Qh3+ Ke5 72. Qh5+ Kd4 73. Qh8+ Ke3 74. Qc3+ Kf2 75. Qd2 h1Q+ 76. Kb2 Qe5+ 77. c3 Qhe4 78. Qd1 Qxe2+ 79. Qc2 Qxc2+ 80. Kxc2 g2 81. b4 g1Q 0-1